• 首页
  • 本馆介绍
  • 公告通知
  • 最新文献
  • 馆藏检索
  • 电子资源
  • 读者导购
  • 参考咨询
  • 我的图书馆
  • 登录
  • 详细信息显示
  • 放入我的书架
  • 预约/预借图书
  • 作者相关作品
  • 分类相关作品
  • 丛书相关作品
  • 出版社相关作品

书目信息

  • 表格格式
  • 工作单格式
  • 卡片格式
题名:
百吉图
    
 
作者: 韩美林 著
分册:  
出版信息: 北京   人民日报出版社  2016
页数: 105页
开本: 25cm
丛书名:
单 册:
中图分类: J522.2
科图分类:
主题词: 鸡--图案--中国
电子资源:
ISBN: 978-7-5115-4395-0
000 00703nam0 2200229 450
001 6069
005 20180530114714.96
010    @a978-7-5115-4395-0@b精装@dCNY98.00
100    @a20170427d2016 em y0chiy50 ea
101 0  @achi
102    @aCN@b110000
105    @aa z 000yy
200 1  @a百吉图@9bai ji tu@f韩美林[著]
210    @a北京@c人民日报出版社@d2016
215    @a105页@d25cm
330    @a本书收录了韩美林老师的百幅生肖鸡画作品,以“文、武、勇、仁、信“五德”为编排顺序。
512 1  @a大吉大利百吉图@9da ji da li bai ji tu
606 0  @a鸡@x图案@y中国
690    @aJ522.2@v5
701  0 @a韩美林@9han mei lin@f(1937-)@4著
801  0 @aCN@b91MARC@c20170427
905    @aMuseLib@dJ522.2@e452
    
    百吉图/韩美林[著].-北京:人民日报出版社,2016
    105页;25cm
    
    
    ISBN 978-7-5115-4395-0(精装):CNY98.00
    本书收录了韩美林老师的百幅生肖鸡画作品,以“文、武、勇、仁、信“五德”为编排顺序。
●
相关链接 在E读中查询图书 在五车中查询图书 在当当中查询图书 在豆瓣中查询图书


正题名:百吉图     索取号:J522.2/452         预约/预借

序号 登录号 条形码 馆藏地/架位号 状态 备注
1 1115889   211158897   第一样本阅览室/ [索取号:J522.2/452] 在馆    
2 1115890   211158904   教育系资料室/ [索取号:J522.2/452] 在馆    
3 1115891   211158913   第一借阅区/ [索取号:J522.2/452] 在馆    
唐山师范学院图书馆 欢迎您!
大连网信软件有限公司© 版权所有